La música de España

Gespeichert in:
Bibliographische Detailangaben
1. Verfasser: Chase, gilbert (VerfasserIn)
Format: Buch
Sprache:Spanisch
Veröffentlicht: Buenos Aires Hachette 1943
Schriftenreihe:Colección Lumen
Schlagworte:
Tags: Tag hinzufügen
Keine Tags, Fügen Sie den ersten Tag hinzu!

MARC

LEADER 00000nam a2200000 a 4500
001 UCN2991
003 CL-VaPUC
008 010615e19430000AG |||||||||||||||||spa|d
082 0 4 |a 780.946  |b CHA  |2 21 
100 0 |a Chase, gilbert  |e author  |9 459353 
245 1 3 |a La música de España 
300 |a 410 p 
942 |c BK 
945 |d 20010615 00:00:00  |a crobeson 
260 |a Buenos Aires  |b Hachette  |c 1943 
650 0 |a Música española  |9 306755 
650 7 |a MUSICOS ESPAÑOLES  |2 CL-VaPUC  |9 459354 
650 7 |a COMPOSITORES ESPAÑOLES  |2 CL-VaPUC  |9 459355 
650 0 |a Música popular  |9 356085 
650 7 |a OPERA ESPAÑOLA  |2 CL-VaPUC  |9 459356 
650 0 |a Zarzuelas  |9 515227 
650 0 |a Danzas populares  |9 373373 
583 |a last modification  |c 20010615 00:00:00  |k Rodrigo Vera 
490 0 |a Colección Lumen 
999 |c 296006  |d 296004 
952 |0 0  |1 0  |4 0  |6 780_946000000000000_CHA_1943  |7 0  |8 A  |9 349480  |a BIBEDU  |b BIBEDU  |d 2019-11-20  |i 1187082  |o 780.946 CHA 1943  |p 1187082  |r 2023-01-12  |w 2019-11-20  |y BK  |k MUS